00983nam a2200205 a 450000100060000000300090000600800410001504000280005608200210008410000370010524500440014226000610018630000080024749000200025550502900027565000570056565000470062265000600066965000480072922486CO-ViMGA141112s2004 ck r 000 u spa d aCO-ViMGAbspacCO-ViMGA04a338.986125 M177c1 aMartínez M. María Mónica, 10aCiudad región un camino al desarrollo aBogotá : bUniversidad Cooperativa de Colombia, c2005 a133 aLibros de texto aEl papel de la descentralización en el desarrollo regional 15 - 24 - - Caraterización de los municipios integrantes del área metropolitana de bucaramanga, ciudad región 35 - 101 - - Iniciativa de creación del distrito metropolitano de bucaramanga, ciudad región 109 - 122 14aDESARROLLO ECONOMICO Y SOCIAL - SANTANDER (COLOMBIA)14aDESARROLLO REGIONAL - SANTANDER (COLOMBIA)14aDESCENTRALIZACION ADMINISTRATIVA - SANTANDER (COLOMBIA)14aPLANES DE DESARROLLO - SANTANDER (COLOMBIA)